| 000 | 00726nam a2200205 a 4500 | ||
|---|---|---|---|
| 003 | 0 | ||
| 005 | 20250421095442.0 | ||
| 008 | 090806s19uu xx 00 eng d | ||
| 050 |
_aPGS RJ 506.A58 _b.T173 2003 |
||
| 100 | _aTapnio, Joanna Joy S. | ||
| 245 |
_aOverloaded anxiety as experienced by grade six students / _cJoanna Joy S. Tapnio. |
||
| 260 |
_aLas PiƱas City, Philippines : _b Southville International School and Colleges, _c2003. |
||
| 300 |
_a28 pages : _billustrations ; _c28 cm. |
||
| 504 | _aIncludes bibliographic references. | ||
| 650 | _aAnxiety in children. | ||
| 650 | _aStress in children. | ||
| 650 |
_aSchool children _vMental health. |
||
| 650 |
_aChild development _vStress. |
||
| 942 |
_2lcc _cPASS |
||
| 999 |
_c96926 _d96926 |
||